| 000 | 00401nam a2200157 a 4500 | ||
|---|---|---|---|
| 005 | 20140414093847.0 | ||
| 008 | 110304s19uu xx 00 eng d | ||
| 020 | _a0764185039 | ||
| 050 |
_aCD 495 _bW67 1999 |
||
| 100 | _aWilliams, Philip | ||
| 245 | _aChinese, the easy way. | ||
| 260 |
_aUS : _bBarron's Educational Series, Inc, _c1999. |
||
| 650 | _aChinese | ||
| 942 | _cAVM | ||
| 999 |
_c109715 _d109715 |
||